<?xml version="1.0" encoding="UTF-8"?>
<record
    xmlns:xsi="http://www.w3.org/2001/XMLSchema-instance"
    xsi:schemaLocation="http://www.loc.gov/MARC21/slim http://www.loc.gov/standards/marcxml/schema/MARC21slim.xsd"
    xmlns="http://www.loc.gov/MARC21/slim">

  <leader>00976nam a22003137a 4500</leader>
  <datafield tag="999" ind1=" " ind2=" ">
    <subfield code="c">23582</subfield>
    <subfield code="d">23582</subfield>
  </datafield>
  <controlfield tag="003">AR-CdUCM</controlfield>
  <controlfield tag="008">260401b2024    pe ||||| |||| 00| 0 esp d</controlfield>
  <datafield tag="040" ind1=" " ind2=" ">
    <subfield code="a">MUNICIPALIDAD PROVINCIAL DEL CUSCO</subfield>
    <subfield code="c">BIBLIOTECA MUNICIPAL DEL CUSCO</subfield>
  </datafield>
  <datafield tag="082" ind1=" " ind2=" ">
    <subfield code="a">641.5973 /</subfield>
    <subfield code="b">E77</subfield>
  </datafield>
  <datafield tag="100" ind1=" " ind2=" ">
    <subfield code="a">Escobar L&#xF3;pez, Javier Efra&#xED;n</subfield>
  </datafield>
  <datafield tag="245" ind1=" " ind2=" ">
    <subfield code="a">Diccionario de Cocina Cusque&#xF1;a Tradicional /</subfield>
  </datafield>
  <datafield tag="260" ind1=" " ind2=" ">
    <subfield code="a">Cusco - Per&#xFA; :</subfield>
    <subfield code="c">2024.</subfield>
  </datafield>
  <datafield tag="300" ind1=" " ind2=" ">
    <subfield code="a">234 P&#xE1;ginas. :</subfield>
    <subfield code="c">14 x 20 cm.</subfield>
  </datafield>
  <datafield tag="505" ind1=" " ind2=" ">
    <subfield code="a">Contenido: Diccionario de Cocina Cusque&#xF1;a Tradicional -- A - Z -- Referencias</subfield>
  </datafield>
  <datafield tag="650" ind1=" " ind2=" ">
    <subfield code="a">Diccionario</subfield>
    <subfield code="9">5196</subfield>
  </datafield>
  <datafield tag="650" ind1=" " ind2=" ">
    <subfield code="a">Abaceria</subfield>
    <subfield code="9">52486</subfield>
  </datafield>
  <datafield tag="650" ind1=" " ind2=" ">
    <subfield code="a">Atamalarse</subfield>
    <subfield code="9">52487</subfield>
  </datafield>
  <datafield tag="650" ind1=" " ind2=" ">
    <subfield code="a">Bajamar</subfield>
    <subfield code="9">52488</subfield>
  </datafield>
  <datafield tag="650" ind1=" " ind2=" ">
    <subfield code="a">Barrica</subfield>
    <subfield code="9">52489</subfield>
  </datafield>
  <datafield tag="650" ind1=" " ind2=" ">
    <subfield code="a">Cambucho</subfield>
    <subfield code="9">52490</subfield>
  </datafield>
  <datafield tag="650" ind1=" " ind2=" ">
    <subfield code="a">Especier&#xED;a</subfield>
    <subfield code="9">52491</subfield>
  </datafield>
  <datafield tag="650" ind1=" " ind2=" ">
    <subfield code="a">Teqte</subfield>
    <subfield code="9">52492</subfield>
  </datafield>
  <datafield tag="650" ind1=" " ind2=" ">
    <subfield code="a">Uchukuta</subfield>
    <subfield code="9">52493</subfield>
  </datafield>
  <datafield tag="650" ind1=" " ind2=" ">
    <subfield code="a">Vivandera</subfield>
    <subfield code="9">52494</subfield>
  </datafield>
  <datafield tag="650" ind1=" " ind2=" ">
    <subfield code="a">Waqchampu</subfield>
    <subfield code="9">52495</subfield>
  </datafield>
  <datafield tag="942" ind1=" " ind2=" ">
    <subfield code="2">ddc</subfield>
    <subfield code="c">LIBROS</subfield>
  </datafield>
  <datafield tag="945" ind1=" " ind2=" ">
    <subfield code="a">jmcs</subfield>
    <subfield code="d">01/04/2026</subfield>
  </datafield>
  <datafield tag="952" ind1=" " ind2=" ">
    <subfield code="0">0</subfield>
    <subfield code="2">ddc</subfield>
    <subfield code="4">0</subfield>
    <subfield code="7">0</subfield>
    <subfield code="a">SC</subfield>
    <subfield code="b">SC</subfield>
    <subfield code="c">CART</subfield>
    <subfield code="d">2026-04-01</subfield>
    <subfield code="e">Donaci&#xF3;n</subfield>
    <subfield code="g">10.00</subfield>
    <subfield code="o">641.5973 / E77</subfield>
    <subfield code="p">SC0000002448</subfield>
    <subfield code="r">2026-04-01</subfield>
    <subfield code="y">LIBROS</subfield>
  </datafield>
</record>
